Creation out of nothing : (Record no. 6322)
[ view plain ]
| 000 -LEADER | |
|---|---|
| fixed length control field | 00867cam a22002414a 4500 |
| 001 - CONTROL NUMBER | |
| control field | 13500982 |
| 005 - DATE AND TIME OF LATEST TRANSACTION | |
| control field | 20250605172556.0 |
| 008 - FIXED-LENGTH DATA ELEMENTS--GENERAL INFORMATION | |
| fixed length control field | 040225s2004 enka b 001 0 eng |
| 020 ## - INTERNATIONAL STANDARD BOOK NUMBER | |
| International Standard Book Number | 1844740382 (Apollos) |
| 020 ## - INTERNATIONAL STANDARD BOOK NUMBER | |
| International Standard Book Number | 0801027330 (Baker Academic) |
| 050 00 - LIBRARY OF CONGRESS CALL NUMBER | |
| Classification number | BT695 |
| Item number | .C66 2004 |
| 082 00 - DEWEY DECIMAL CLASSIFICATION NUMBER | |
| Classification number | 231.7/65 |
| Edition information | 22 |
| 100 1# - MAIN ENTRY--PERSONAL NAME | |
| Personal name | Copan, Paul. |
| 245 10 - TITLE STATEMENT | |
| Title | Creation out of nothing : |
| Remainder of title | a biblical, philosophical, and scientific exploration / |
| Statement of responsibility, etc. | Paul Copan and William Lane Craig. |
| 260 ## - PUBLICATION, DISTRIBUTION, ETC. | |
| Place of publication, distribution, etc. | Leicester, England : |
| Name of publisher, distributor, etc. | Apollos ; |
| Place of publication, distribution, etc. | Grand Rapids, Mich. : |
| Name of publisher, distributor, etc. | Baker Academic, |
| Date of publication, distribution, etc. | c2004. |
| 300 ## - PHYSICAL DESCRIPTION | |
| Extent | 280 p. : |
| Other physical details | ill. ; |
| Dimensions | 23 cm. |
| 650 #0 - SUBJECT ADDED ENTRY--TOPICAL TERM | |
| Topical term or geographic name entry element | Creation |
| General subdivision | History of doctrines. |
| 650 #0 - SUBJECT ADDED ENTRY--TOPICAL TERM | |
| Topical term or geographic name entry element | Cosmology. |
| 650 #0 - SUBJECT ADDED ENTRY--TOPICAL TERM | |
| Topical term or geographic name entry element | Religion and science. |
| 700 1# - ADDED ENTRY--PERSONAL NAME | |
| Personal name | Craig, William Lane. |
| 856 41 - ELECTRONIC LOCATION AND ACCESS | |
| Materials specified | Table of contents |
| Uniform Resource Identifier | <a href="http://www.loc.gov/catdir/toc/ecip0415/2004004473.html">http://www.loc.gov/catdir/toc/ecip0415/2004004473.html</a> |
| 942 ## - ADDED ENTRY ELEMENTS (KOHA) | |
| Source of classification or shelving scheme | Library of Congress Classification |
| Koha item type | Books |
| Suppress in OPAC | No |
| 999 ## - | |
| -- | 6322 |
| -- | 6322 |
| Withdrawn status | Lost status | Source of classification or shelving scheme | Damaged status | Not for loan | Collection | Home library | Current library | Shelving location | Date acquired | Total checkouts | Full call number | Barcode | Date last seen | Copy number | Price effective from | Koha item type |
|---|---|---|---|---|---|---|---|---|---|---|---|---|---|---|---|---|
| Library of Congress Classification | Non-fiction | Undergraduate Library (Christ Temple) | Undergraduate Library (Christ Temple) | General stacks | 06/05/2025 | BT 695 COP | ulct00003071 | 06/05/2025 | 1 | 06/05/2025 | Books |